| 000 | 01023nam a2200265 a 4500 | ||
|---|---|---|---|
| 001 | 22840 | ||
| 003 | BD-RjUL | ||
| 005 | 20211209000847.0 | ||
| 008 | 720425r19631932uk af 000 0 eng | ||
| 035 | _a(BD-RjUL)22905 | ||
| 040 |
_aDLC _cOAkU _dOCoLC _dBD-RjUL _beng |
||
| 041 | _aeng | ||
| 082 |
_a398.2095 _223 _bASI 1963 |
||
| 245 | 0 | 0 |
_aAsiatic mythology: _ba detailed description and explanation of the mythologies of all the great nations of Asia / _cby J. Hackin ... [et al.] ; With an introduction by Paul-Louis Couchoud ; Translated by F. M. Atkinson. |
| 260 |
_aLondon: _bGeorge G. Harrap & Co. Ltd. , _c1932 [Reprinted1963] |
||
| 300 |
_a459, [1] p. : _bill _c29 cm. |
||
| 500 | _aTranslated by F. M. Atkinson. | ||
| 650 | 0 |
_aMythology, Asian. _9222954 |
|
| 650 | 0 |
_aArt, Asian. _9222955 |
|
| 651 | 0 |
_aAsia _xReligion. _9222956 |
|
| 700 | 1 |
_aHackin, Joseph, _d1886-1941. ...[et al] _9222957 |
|
| 700 | 1 |
_aCouchoud, Paul-Louis, Introducer _9222958 |
|
| 700 | 1 |
_aAtkinson, F. M. , tr. _9222959 |
|
| 942 |
_2ddc _cRAR |
||
| 999 |
_c22840 _d22840 |
||